000 00297nam a2200109 4500
008 160625b xxu||||| |||| 00| 0 eng d
100 _91122
_a Ferris, H
245 _aFavorite Poems Old and New
260 _aN.Y
_b Doubleday & Com.Inc.
_c1957
300 _aFavorite Poems Old and New
942 _2ddc
_cBK
999 _c906
_d906